[Event "European Blitz-ch 2018"]
[Site "Skopje"]
[Date "2018.12.07"]
[Round "22"]
[White "Erdos, Viktor"]
[Black "Ivic, Velimir"]
[Result "1/2-1/2"]
[WhiteElo "2605"]
[BlackElo "2497"]
[Annotator "TA"]
[PlyCount "127"]
[EventDate "2018.12.06"]
[EventType "swiss"]
[EventCountry "MKD"]

1. Nf3 Nf6 2. c4 g6 3. g3 Bg7 4. Bg2 O-O 5. O-O d6 6. Nc3 e5 7. d4 Nc6 8. dxe5 dxe5 9. Bg5 Be6 10. Qc1 Qe8 11. Rd1 Nd7 12. Nd5 Rc8 13. Bh6 f6 14. Bxg7 Kxg7 15. Qc3 a5 16. a3 a4 17. Qe3 b6 18. Ne1 Nc5 19. Nd3 Nb3 20. Rab1 Qf7 21. Nxf6 Qxf6 22. Bxc6 Bxc4 23. Nxe5 Nc5 24. Rbc1 Bb3 25. Rd4 Rcd8 26. f4 Rxd4 27. Qxd4 Rd8 28. Qe3 Qd6 29. Bb5 Qd2 30. Kf2 Ne4+ 31. Qxe4 Qxc1 32. Nd3 Rxd3 33. Qe5+ Kh6 34. Bxd3 Qh1 35. Qg5+ Kg7 36. h4 Qh2+ 37. Ke3 Qg1+ 38. Kd2 Qd4 39. Qe7+ Kh6 40. g4 Qxf4+ 41. Kc3 Qc1+ 42. Kb4 c5+ 43. Kb5 Qxb2 44. Qg5+ Kg7 45. Qe7+ Kh8 46. Qf8+ Bg8+ 47. Ka6 Qd4 48. h5 gxh5 49. gxh5 c4 50. Bf5 Qe5 51. h6 Qa5+ 52. Kb7 Qd5+ 53. Ka7 Qa5+ 54. Kb8 Qe5+ 55. Ka7 Qa5+ 56. Kb7 Qd5+ 57. Kxb6 Qd4+ 58. Kb5 c3 59. Be6 Qe5+ 60. Kb4 Qd4+ 61. Kb5 Qe5+ 62. Kb4 Qd4+ 63. Kb5 Qe5+ 64. Kxa4 1/2-1/2

[Event "European Blitz-ch 2018"]
[Site "Skopje"]
[Date "2018.12.07"]
[Round "22"]
[White "Ivanisevic, Ivan"]
[Black "Guseinov, Gadir"]
[Result "1/2-1/2"]
[WhiteElo "2603"]
[BlackElo "2664"]
[Annotator "TA"]
[PlyCount "97"]
[EventDate "2018.12.06"]
[EventType "swiss"]
[EventCountry "MKD"]

1. d4 g6 2. c4 Bg7 3. Nc3 d6 4. e4 Nf6 5. Nge2 O-O 6. Ng3 Nc6 7. d5 Ne5 8. Be2 c6 9. f4 Ned7 10. Be3 a6 11. O-O Rb8 12. Kh1 cxd5 13. cxd5 b5 14. Bf3 Nb6 15. Bd4 Nfd7 16. Bxg7 Kxg7 17. Qd4+ f6 18. b4 Bb7 19. Rfc1 Rc8 20. Nd1 Nc4 21. a4 Qb6 22. Qxb6 Ncxb6 23. axb5 axb5 24. Ne3 f5 25. exf5 Nf6 26. fxg6 hxg6 27. Rd1 Rc3 28. Ra7 Rxe3 29. Rxb7 Nfxd5 30. Nf1 Rxf3 31. gxf3 Rxf4 32. Ng3 Rxb4 33. Ne4 Rb2 34. Nxd6 b4 35. Nb5 b3 36. Nd4 Kf6 37. Re1 e5 38. Nc6 Nc4 39. Nd8 g5 40. Rg1 Nd2 41. h4 Nf4 42. Rf7+ Kg6 43. Rxg5+ Kh6 44. Rf6+ Kh7 45. Rf7+ Kh6 46. Rf6+ Kh7 47. Rf7+ Kh6 48. Rf6+ Kh7 49. Rf7+ 1/2-1/2

[Event "European Blitz-ch 2018"]
[Site "Skopje"]
[Date "2018.12.07"]
[Round "22"]
[White "Jankovic, Alojzije"]
[Black "Bartel, Michal"]
[Result "0-1"]
[WhiteElo "2557"]
[BlackElo "2306"]
[Annotator "TA"]
[PlyCount "114"]
[EventDate "2018.12.06"]
[EventType "swiss"]
[EventCountry "MKD"]

1. d4 Nf6 2. Nf3 c5 3. c3 Qb6 4. g3 d5 5. Bg2 e6 6. O-O Nc6 7. a3 Be7 8. dxc5 Bxc5 9. b4 Be7 10. Nbd2 O-O 11. c4 dxc4 12. Nxc4 Qb5 13. Qc2 a5 14. bxa5 Nxa5 15. Nfe5 Qb3 16. Ra2 Nd5 17. Rb2 Qxc2 18. Rxc2 Nxc4 19. Nxc4 Ra6 20. Bb2 Bd7 21. Bxd5 exd5 22. Ne5 Be6 23. Rc7 Bxa3 24. Bxa3 Rxa3 25. Rxb7 h6 26. Rc1 Raa8 27. Kg2 Rac8 28. Rxc8 Rxc8 29. Nf3 Bf5 30. Nd4 Bg4 31. f3 Be6 32. Kf2 Rc4 33. Ke3 Rc1 34. h4 Rc4 35. h5 Ra4 36. g4 Kf8 37. Nc6 Kg8 38. Ne5 Ra3+ 39. Nd3 Ra2 40. Nf4 Ra3+ 41. Kd4 Kf8 42. Nxd5 Bxd5 43. Kxd5 Re3 44. Rb2 f6 45. Kd4 Re5 46. e4 Ra5 47. Rb7 Ra3 48. f4 Rf3 49. f5 Rf4 50. g5 hxg5 51. h6 gxh6 52. Kd5 g4 53. e5 Rxf5 54. Ke6 Rxe5+ 55. Kxf6 Re1 56. Rh7 Rf1+ 57. Kg6 g3 0-1

[Event "European Blitz-ch 2018"]
[Site "Skopje"]
[Date "2018.12.07"]
[Round "22"]
[White "Kuljasevic, Davorin"]
[Black "Robulj, Nenad"]
[Result "1-0"]
[WhiteElo "2556"]
[BlackElo "2286"]
[Annotator "TA"]
[PlyCount "81"]
[EventDate "2018.12.06"]
[EventType "swiss"]
[EventCountry "MKD"]

1. d4 Nf6 2. Nf3 g6 3. g3 Bg7 4. Bg2 O-O 5. O-O d6 6. c4 Nbd7 7. Nc3 e5 8. e4 Re8 9. h3 exd4 10. Nxd4 Nc5 11. Re1 a5 12. Rb1 Bd7 13. b3 Qc8 14. Kh2 h5 15. Bf4 h4 16. g4 Ne6 17. Nxe6 Bxe6 18. Nd5 Nd7 19. Bg5 c6 20. Ne7+ Rxe7 21. Bxe7 Be5+ 22. Kg1 Qc7 23. Bxh4 Nc5 24. Qd2 a4 25. f4 Bg7 26. f5 Bd7 27. Bg3 Qb6 28. Kh1 axb3 29. axb3 Be5 30. Bxe5 dxe5 31. b4 Na4 32. Qxd7 Nc3 33. fxg6 fxg6 34. Qe6+ Kh7 35. Qe7+ Kg8 36. Qe6+ Kh7 37. Rf1 Nxb1 38. Rf7+ Kh6 39. g5+ Kxg5 40. Qg4+ Kh6 41. Qh4# 1-0

[Event "European Blitz-ch 2018"]
[Site "Skopje"]
[Date "2018.12.07"]
[Round "22"]
[White "Delchev, Aleksander"]
[Black "Tsolakidou, Stavroula"]
[Result "1-0"]
[WhiteElo "2552"]
[BlackElo "2387"]
[Annotator "TA"]
[PlyCount "84"]
[EventDate "2018.12.06"]
[EventType "swiss"]
[EventCountry "MKD"]

1. e4 c5 2. Nf3 d6 3. d4 cxd4 4. Qxd4 a6 5. Be2 Nf6 6. O-O e6 7. c4 Be7 8. Nc3 b6 9. Rd1 Nbd7 10. b3 Qc7 11. Ba3 Nc5 12. e5 dxe5 13. Qxe5 Qa7 14. Bb2 Ncd7 15. Qg3 Bb7 16. Nd4 O-O 17. Bf3 Bxf3 18. Qxf3 Bc5 19. Nc6 Qc7 20. Ne4 Nxe4 21. Qxe4 Rac8 22. Ne5 Nf6 23. Qf3 Rfd8 24. h3 h6 25. Bc3 a5 26. Nd3 Be7 27. Ne5 a4 28. Rxd8+ Bxd8 29. Rd1 Be7 30. Rd7 Qc5 31. b4 Qxe5 32. Bxe5 Nxd7 33. Qb7 Rd8 34. Bc7 Rf8 35. Bxb6 Nxb6 36. Qxb6 Rd8 37. c5 Rd1+ 38. Kh2 Bf6 39. Qb8+ Kh7 40. c6 Re1 41. c7 Be5+ 42. g3 Re2 1-0

[Event "European Blitz-ch 2018"]
[Site "Skopje"]
[Date "2018.12.07"]
[Round "22"]
[White "Dimitrov, Radoslav"]
[Black "Stevic, Hrvoje"]
[Result "0-1"]
[WhiteElo "2534"]
[BlackElo "2587"]
[Annotator "TA"]
[PlyCount "208"]
[EventDate "2018.12.06"]
[EventType "swiss"]
[EventCountry "MKD"]

1. c4 e5 2. Nc3 Nc6 3. Nf3 g6 4. d4 exd4 5. Nxd4 Bg7 6. Nxc6 bxc6 7. g3 Ne7 8. Bg2 O-O 9. O-O Rb8 10. Qc2 d6 11. b3 c5 12. Bb2 Bb7 13. Bxb7 Rxb7 14. Rad1 Qc8 15. Ne4 Qf5 16. Bxg7 Kxg7 17. Qb2+ f6 18. Nc3 Qe5 19. Qd2 Nc6 20. e3 Nb4 21. f4 Qe6 22. f5 Qe5 23. fxg6 hxg6 24. Rf4 Rbb8 25. Re4 Qg5 26. Re7+ Rf7 27. Rxf7+ Kxf7 28. Nb5 Rb7 29. a3 Nc6 30. Rf1 a6 31. Nc3 Rxb3 32. Nd5 f5 33. Qc2 Rxa3 34. Qb2 Rxe3 35. Qb7 Ne7 36. Nxe3 Qxe3+ 37. Kg2 Qe2+ 38. Rf2 Qxc4 39. Qxc7 Qe4+ 40. Kg1 Qe1+ 41. Rf1 Qe3+ 42. Kg2 Qe2+ 43. Kg1 Qe3+ 44. Kg2 Qe4+ 45. Kf2 Qd4+ 46. Kg2 Qe4+ 47. Kg1 Qe3+ 48. Kg2 d5 49. Qd6 c4 50. Qxa6 Qe4+ 51. Kg1 Qe3+ 52. Kg2 Qe2+ 53. Rf2 Qe4+ 54. Kg1 Qe1+ 55. Kg2 Qe4+ 56. Kg1 Qe1+ 57. Rf1 Qe3+ 58. Kg2 Qe2+ 59. Rf2 Qe4+ 60. Kg1 Qe1+ 61. Rf1 Qe3+ 62. Kh1 Qe4+ 63. Kg1 Qe3+ 64. Kg2 Qe2+ 65. Rf2 Qe4+ 66. Kg1 Qe1+ 67. Rf1 Qe3+ 68. Kg2 Qe2+ 69. Rf2 Qe4+ 70. Kg1 Qe1+ 71. Kg2 Qe4+ 72. Kg1 Qe1+ 73. Rf1 Qe3+ 74. Kg2 Qe2+ 75. Rf2 Qe4+ 76. Kg1 Qe1+ 77. Kg2 Qe4+ 78. Kg1 Qe1+ 79. Kg2 Qe4+ 80. Kf1 Qb1+ 81. Kg2 Qe4+ 82. Kf1 Qb1+ 83. Kg2 Qe4+ 84. Kg1 Qe1+ 85. Rf1 Qe3+ 86. Kg2 Qe2+ 87. Kg1 d4 88. Qd6 Qe3+ 89. Kg2 c3 90. Qc5 Qe4+ 91. Kg1 c2 92. Qc4+ Nd5 93. Qc6 d3 94. Qb7+ Kf6 95. Qb2+ Qe5 96. Qc1 Qd4+ 97. Kh1 Qe4+ 98. Kg1 Ne3 99. Qa1+ Kg5 100. h4+ Kg4 101. Rf4+ Qxf4 102. gxf4 d2 103. Kf2 d1=Q 104. Qg7 Qd2+ 0-1

[Event "European Blitz-ch 2018"]
[Site "Skopje"]
[Date "2018.12.07"]
[Round "22"]
[White "Santos Ruiz, Miguel"]
[Black "Perunovic, Milos"]
[Result "0-1"]
[WhiteElo "2523"]
[BlackElo "2597"]
[Annotator "TA"]
[PlyCount "76"]
[EventDate "2018.12.06"]
[EventType "swiss"]
[EventCountry "MKD"]

1. e4 c5 2. Nf3 e6 3. d4 cxd4 4. Nxd4 Nc6 5. Nc3 Qc7 6. Be3 a6 7. a3 b5 8. Nxc6 Qxc6 9. Bd3 Bb7 10. O-O Nf6 11. f3 Bc5 12. Qe1 Qb6 13. Bxc5 Qxc5+ 14. Kh1 d6 15. f4 O-O 16. Qh4 Qh5 17. Qg3 Rac8 18. Rae1 Kh8 19. e5 dxe5 20. Rxe5 Qg4 21. Qf2 Nd7 22. Rg5 Qh3 23. Ne4 Bxe4 24. Bxe4 Qh6 25. Bb7 Rc4 26. Rd1 Nf6 27. c3 e5 28. Rxe5 Ng4 29. Qg3 Nxe5 30. fxe5 a5 31. Bd5 Rf4 32. h3 b4 33. cxb4 axb4 34. a4 Rd8 35. Kh2 Rf5 36. a5 Qa6 37. Qh4 Qxa5 38. Rd3 h6 0-1

[Event "European Blitz-ch 2018"]
[Site "Skopje"]
[Date "2018.12.07"]
[Round "22"]
[White "Jovanovic, Zoran"]
[Black "Markoja, Boris"]
[Result "1-0"]
[WhiteElo "2518"]
[BlackElo "2430"]
[Annotator "TA"]
[PlyCount "83"]
[EventDate "2018.12.06"]
[EventType "swiss"]
[EventCountry "MKD"]

1. e4 c5 2. Nc3 g6 3. d4 cxd4 4. Qxd4 Nf6 5. Nf3 Nc6 6. Qa4 d6 7. e5 dxe5 8. Nxe5 Bd7 9. Nxd7 Nxd7 10. Bb5 Bg7 11. Bxc6 bxc6 12. O-O O-O 13. Qh4 Nf6 14. Bh6 Qb6 15. Na4 Qb5 16. Bxg7 Kxg7 17. b3 Rad8 18. Rae1 e6 19. Qf4 a5 20. c4 Qb8 21. Qe3 Kg8 22. Qf3 Nd7 23. Qxc6 Qb4 24. Qf3 Qa3 25. Re2 Nc5 26. Nxc5 Qxc5 27. Qf6 Rd4 28. Rfe1 Rfd8 29. g3 Rd2 30. h4 h5 31. Kg2 R8d3 32. Rxe6 fxe6 33. Rxe6 Rxf2+ 34. Qxf2 Qxf2+ 35. Kxf2 Rd2+ 36. Re2 Rd3 37. Rc2 Kf7 38. c5 Ke8 39. c6 Kd8 40. Kg2 Kc7 41. Kh3 Re3 42. Rc5 1-0

[Event "European Blitz-ch 2018"]
[Site "Skopje"]
[Date "2018.12.07"]
[Round "22"]
[White "Potapov, Pavel"]
[Black "Lobanov, Sergei"]
[Result "1-0"]
[WhiteElo "2516"]
[BlackElo "2526"]
[Annotator "TA"]
[PlyCount "141"]
[EventDate "2018.12.06"]
[EventType "swiss"]
[EventCountry "MKD"]

1. e4 c6 2. d4 d5 3. e5 Bf5 4. h4 h6 5. g4 Bd7 6. h5 e6 7. Nf3 Qc7 8. c3 c5 9. Be2 Nc6 10. O-O O-O-O 11. Bf4 g5 12. Bg3 Qb6 13. Na3 a6 14. c4 cxd4 15. cxd5 exd5 16. Nc2 Be6 17. Ncxd4 Nge7 18. Rc1 Kb8 19. b4 Nxd4 20. Nxd4 Nc6 21. Nxc6+ bxc6 22. a3 Kb7 23. Qd3 Be7 24. Kg2 Rc8 25. f3 Rhd8 26. Bf2 d4 27. Rfd1 Qb5 28. Qe4 Bd5 29. Qc2 Qb6 30. Qd3 Qb5 31. Qxd4 Bxf3+ 32. Kxf3 Rxd4 33. Bxb5 Rf4+ 34. Kg3 axb5 35. Rc3 Re4 36. Re3 Rxe3+ 37. Bxe3 Kc7 38. Rf1 Rf8 39. Bd4 Kd7 40. Kf3 Ke6 41. Ke4 Ra8 42. Rc1 Kd7 43. Rc3 Rc8 44. Kf5 Ke8 45. e6 Rd8 46. Be5 fxe6+ 47. Kxe6 Rc8 48. Bd6 Bxd6 49. Kxd6 Kf7 50. Rf3+ Kg7 51. Rc3 Kf6 52. Rxc6 Ra8 53. Kd5+ Kg7 54. Rc3 Kf6 55. Rf3+ Ke7 56. Kc6 Rb8 57. Re3+ Kf6 58. Kc7 Ra8 59. Kb7 Rd8 60. Kc6 Rb8 61. Kd7 Ra8 62. Rf3+ Ke5 63. Rf5+ Ke4 64. Rxb5 Rxa3 65. Rb6 Kf4 66. Rxh6 Kxg4 67. b5 Rb3 68. b6 Kh4 69. Kc7 g4 70. b7 g3 71. b8=Q 1-0

[Event "European Blitz-ch 2018"]
[Site "Skopje"]
[Date "2018.12.07"]
[Round "22"]
[White "Nenezic, Marko"]
[Black "Zlatanovic, Boroljub"]
[Result "1/2-1/2"]
[WhiteElo "2515"]
[BlackElo "2376"]
[Annotator "TA"]
[PlyCount "113"]
[EventDate "2018.12.06"]
[EventType "swiss"]
[EventCountry "MKD"]

1. Nf3 g6 2. d4 Bg7 3. c4 d6 4. e4 e5 5. Nc3 Bg4 6. d5 Nd7 7. Be2 h5 8. b3 Bh6 9. Bb2 Ngf6 10. O-O O-O 11. Ne1 Bxe2 12. Qxe2 h4 13. Nd3 Nh5 14. b4 Kh7 15. c5 a6 16. Bc1 Bxc1 17. Raxc1 Qg5 18. c6 bxc6 19. dxc6 Ndf6 20. a4 Nf4 21. Nxf4 Qxf4 22. Rb1 Rad8 23. Rfd1 g5 24. Rd3 g4 25. Nd5 Nxd5 26. Rxd5 f5 27. exf5 Qxf5 28. Rbd1 Rb8 29. b5 axb5 30. axb5 h3 31. R1d3 hxg2 32. Kxg2 Rf6 33. Rg3 Rg8 34. Qd3 Qxd3 35. Rdxd3 Rf4 36. Rb3 Rb8 37. h3 Rc4 38. Rxg4 Rxg4+ 39. hxg4 Kg6 40. f3 d5 41. Kf2 Kf6 42. Ke3 Ke6 43. f4 Kd6 44. g5 exf4+ 45. Kxf4 Kc5 46. g6 Kc4 47. Rb1 d4 48. g7 d3 49. b6 cxb6 50. Rxb6 Rg8 51. Rb7 d2 52. Rd7 Rxg7 53. Rxd2 Rc7 54. Ke5 Rxc6 55. Rc2+ Kb5 56. Rxc6 Kxc6 57. Ke4 1/2-1/2

[Event "European Blitz-ch 2018"]
[Site "Skopje"]
[Date "2018.12.07"]
[Round "22"]
[White "Blagojevic, Dragisa"]
[Black "Djuric, Stefan"]
[Result "1-0"]
[WhiteElo "2497"]
[BlackElo "2371"]
[Annotator "TA"]
[PlyCount "61"]
[EventDate "2018.12.06"]
[EventType "swiss"]
[EventCountry "MKD"]

1. d4 Nf6 2. c4 g6 3. Nf3 Bg7 4. g3 c5 5. Bg2 Qa5+ 6. Nc3 Ne4 7. Qd3 cxd4 8. Nxd4 Nc5 9. Qd1 Nc6 10. e3 Ne5 11. O-O Nxc4 12. Nd5 Ne6 13. Qc2 Bxd4 14. exd4 Nb6 15. Bd2 Qa6 16. Nxb6 Qxb6 17. d5 Ng7 18. Rfe1 Nf5 19. g4 Nd6 20. Qc3 O-O 21. Bh6 f6 22. Bxf8 Kxf8 23. Re2 Nf7 24. Rae1 Ne5 25. Rxe5 fxe5 26. Qxe5 Qf6 27. Qc7 d6 28. Qd8+ Kf7 29. Re3 e5 30. dxe6+ Bxe6 31. Qxa8 1-0

[Event "European Blitz-ch 2018"]
[Site "Skopje"]
[Date "2018.12.07"]
[Round "22"]
[White "Pancevski, Filip"]
[Black "Bosiocic, Marin"]
[Result "1/2-1/2"]
[WhiteElo "2495"]
[BlackElo "2599"]
[Annotator "TA"]
[PlyCount "209"]
[EventDate "2018.12.06"]
[EventType "swiss"]
[EventCountry "MKD"]

1. e4 g6 2. d4 Bg7 3. Nf3 d6 4. Bc4 Nf6 5. Qe2 O-O 6. O-O Nc6 7. e5 Ne8 8. h3 dxe5 9. dxe5 Nd4 10. Nxd4 Qxd4 11. Re1 c6 12. Nd2 Nc7 13. Nf3 Qb6 14. Bb3 Be6 15. Be3 Qa5 16. Bg5 Rfe8 17. Nd4 Bxb3 18. axb3 Qb6 19. Be3 Nd5 20. Nf3 Nxe3 21. Qxe3 Qxe3 22. Rxe3 Red8 23. Kf1 Bh6 24. Re4 a6 25. Ke2 Rd5 26. Rd1 Rad8 27. Rxd5 Rxd5 28. Rb4 Rd7 29. h4 Bc1 30. h5 Bxb2 31. hxg6 hxg6 32. e6 fxe6 33. Rg4 Kf7 34. Ng5+ Kf6 35. Ne4+ Kf5 36. f3 Bc1 37. Rh4 g5 38. Rh8 Kg6 39. Rg8+ Kf7 40. Ra8 Kg6 41. Rg8+ Kf7 42. Ra8 Kg6 43. g3 Kf5 44. Rf8+ Ke5 45. Rg8 Kd4 46. Rg6 Ke5 47. Rg8 Kd4 48. Rg6 Ke5 49. Rg8 Kd4 50. Rg6 Ke5 51. Rg8 Kd4 52. Rg7 a5 53. Rg8 c5 54. g4 c4 55. Rc8 cxb3 56. cxb3 Bf4 57. Rc4+ Ke5 58. Rc5+ Rd5 59. Rc3 Rb5 60. Rd3 Rd5 61. Rc3 Rb5 62. Rd3 b6 63. Rc3 Kd5 64. Rd3+ Kc6 65. Rc3+ Kd7 66. Rd3+ Ke8 67. Rc3 Kd7 68. Rd3+ Rd5 69. Rc3 Bd6 70. Rc4 b5 71. Rc2 a4 72. bxa4 bxa4 73. Ra2 a3 74. Nxd6 exd6 75. Rxa3 Ke7 76. Ke3 Kf6 77. Ra6 Ke5 78. Ra8 Rb5 79. Rg8 Rb3+ 80. Kf2 Kf6 81. Rf8+ Kg7 82. Rd8 d5 83. Re8 Kf7 84. Rd8 Kf6 85. Kg3 Rd3 86. Rd7 e5 87. Rd6+ Ke7 88. Rg6 e4 89. Rxg5 Rxf3+ 90. Kg2 Ke6 91. Rg8 Ke5 92. g5 Kd4 93. g6 Rf5 94. g7 Rg5+ 95. Kf2 Rg6 96. Ke2 Rg2+ 97. Kf1 Rg5 98. Ke2 e3 99. Kf3 Rg6 100. Ke2 Rg3 101. Re8 Rxg7 102. Rxe3 Kc4 103. Kd1 d4 104. Rh3 Rg3 105. Rxg3 1/2-1/2

[Event "European Blitz-ch 2018"]
[Site "Skopje"]
[Date "2018.12.07"]
[Round "22"]
[White "Sanal, Vahap"]
[Black "Lagarde, Maxime"]
[Result "1-0"]
[WhiteElo "2490"]
[BlackElo "2616"]
[Annotator "TA"]
[PlyCount "93"]
[EventDate "2018.12.06"]
[EventType "swiss"]
[EventCountry "MKD"]

1. e4 c5 2. Nf3 Nc6 3. Nc3 e5 4. Bc4 Be7 5. d3 Nf6 6. O-O O-O 7. a4 d6 8. h3 Be6 9. Bg5 Nd7 10. Be3 Nb6 11. b3 Nd4 12. a5 Nxc4 13. bxc4 f5 14. Bxd4 cxd4 15. exf5 Bxf5 16. Nd5 Rf7 17. Nd2 Bf8 18. Qe2 Qh4 19. f3 Re8 20. Ne4 Re6 21. Qf2 Qh6 22. Qd2 Qxd2 23. Nxd2 g6 24. g4 Bh6 25. Nb3 Kf8 26. Kf2 e4 27. Nxd4 Re5 28. gxf5 gxf5 29. f4 Re8 30. Rae1 Bg7 31. Nb5 Re6 32. Nbc7 Bd4+ 33. Ke2 Rg6 34. dxe4 fxe4 35. Kd1 e3 36. c3 Bc5 37. f5 Rg2 38. Ne6+ Kg8 39. Nxc5 dxc5 40. Rxe3 Ra2 41. Re8+ Kg7 42. f6+ Kh6 43. Rf4 b6 44. Rg8 Kh5 45. Rf5+ Kh4 46. Nf4 Rd7+ 47. Kc1 1-0

[Event "European Blitz-ch 2018"]
[Site "Skopje"]
[Date "2018.12.07"]
[Round "22"]
[White "Stefanova, Antoaneta"]
[Black "Putka, Verners"]
[Result "1-0"]
[WhiteElo "2486"]
[BlackElo "2307"]
[Annotator "TA"]
[PlyCount "97"]
[EventDate "2018.12.06"]
[EventType "swiss"]
[EventCountry "MKD"]

1. d4 Nf6 2. Nf3 e6 3. e3 b6 4. Bd3 g6 5. c4 Bg7 6. Nc3 O-O 7. O-O d6 8. e4 Bb7 9. Re1 c5 10. d5 exd5 11. cxd5 a6 12. a4 Nbd7 13. Bf4 Ne8 14. Qd2 Ne5 15. Nxe5 dxe5 16. Bh6 Nd6 17. Bxg7 Kxg7 18. f4 f6 19. fxe5 fxe5 20. Rf1 Qe7 21. Ne2 c4 22. Bc2 b5 23. Qb4 Qc7 24. a5 Rac8 25. Qc3 Qe7 26. Qe3 Nf7 27. Kh1 Qc5 28. Qh3 Qd6 29. Ng3 Rce8 30. Qg4 Bc8 31. Qe2 Ng5 32. Qe3 Nf7 33. h3 Bd7 34. Rf3 Nh6 35. Raf1 Rxf3 36. Rxf3 Ng8 37. Qg5 Qe7 38. Qe3 Qd8 39. Qa7 Re7 40. Qxa6 Qb8 41. Qb6 Qxb6 42. axb6 Be8 43. Ra3 Rb7 44. Ra7 Rf7 45. b7 Rxb7 46. Rxb7+ Kh6 47. Rb8 Bf7 48. d6 Nf6 49. Nf1 1-0

[Event "European Blitz-ch 2018"]
[Site "Skopje"]
[Date "2018.12.07"]
[Round "22"]
[White "Dvirnyy, Danyyil"]
[Black "Fridman, Daniel"]
[Result "0-1"]
[WhiteElo "2485"]
[BlackElo "2633"]
[Annotator "TA"]
[PlyCount "50"]
[EventDate "2018.12.06"]
[EventType "swiss"]
[EventCountry "MKD"]

1. d4 d5 2. c4 e6 3. Nc3 Nf6 4. cxd5 exd5 5. Bg5 c6 6. e3 Nbd7 7. Bd3 Be7 8. Qc2 Nf8 9. Nf3 Ne6 10. Bh4 g6 11. O-O O-O 12. Bxf6 Bxf6 13. b4 a5 14. b5 c5 15. dxc5 Nxc5 16. Rad1 Be6 17. Bc4 Bxc3 18. Qxc3 Ne4 19. Qe5 Qf6 20. Bxd5 Qxe5 21. Nxe5 Bxd5 22. Rxd5 Rfd8 23. Nd7 Rac8 24. Rd4 Nc3 25. a4 Ne2+ 0-1

[Event "European Blitz-ch 2018"]
[Site "Skopje"]
[Date "2018.12.07"]
[Round "22"]
[White "Dragnev, Valentin"]
[Black "Rusev, Krasimir"]
[Result "1-0"]
[WhiteElo "2483"]
[BlackElo "2520"]
[Annotator "TA"]
[PlyCount "135"]
[EventDate "2018.12.06"]
[EventType "swiss"]
[EventCountry "MKD"]

1. d4 d5 2. c4 dxc4 3. Nf3 a6 4. e3 b5 5. a4 Bb7 6. b3 e6 7. bxc4 bxc4 8. Bxc4 Nf6 9. O-O Nbd7 10. Qb3 Bxf3 11. gxf3 Be7 12. Nc3 O-O 13. Kh1 Nb6 14. Be2 c5 15. dxc5 Bxc5 16. Bb2 Qe7 17. a5 Nbd7 18. Ne4 Nxe4 19. fxe4 Bd6 20. Rg1 Be5 21. Bxe5 Nxe5 22. Qc3 f6 23. Rac1 Rfd8 24. Rgd1 Qb7 25. f3 Rxd1+ 26. Rxd1 Rc8 27. Qd4 Rc6 28. f4 Nf7 29. Bf3 Qc7 30. Qb4 Rc5 31. Ra1 h6 32. Qb6 Rc1+ 33. Rxc1 Qxc1+ 34. Kg2 Qd2+ 35. Kg1 Nd6 36. Bg2 Kh7 37. Qxa6 Qxe3+ 38. Kf1 Qxf4+ 39. Kg1 Qe3+ 40. Kf1 Qf4+ 41. Kg1 Qc1+ 42. Kf2 Qc5+ 43. Kf1 Nc4 44. Qxe6 Nd2+ 45. Ke2 Qc2 46. Qf5+ Kg8 47. Qd5+ Kh8 48. Qd8+ Kh7 49. Qxd2 Qc4+ 50. Kf2 Qc5+ 51. Kf1 Qc4+ 52. Ke1 Qc5 53. Bf1 Qc7 54. a6 Qb6 55. Qc2 Qe3+ 56. Be2 Qg1+ 57. Kd2 Qd4+ 58. Qd3 Qb4+ 59. Ke3 Qc5+ 60. Qd4 Qc1+ 61. Qd2 Qc5+ 62. Kf3 h5 63. Qe3 Qc8 64. Kf2 g5 65. a7 Kg6 66. e5 f5 67. Bf3 g4 68. a8=Q 1-0

[Event "European Blitz-ch 2018"]
[Site "Skopje"]
[Date "2018.12.07"]
[Round "22"]
[White "Kalezic, Blazo"]
[Black "Banikas, Hristos"]
[Result "1-0"]
[WhiteElo "2460"]
[BlackElo "2601"]
[Annotator "TA"]
[PlyCount "74"]
[EventDate "2018.12.06"]
[EventType "swiss"]
[EventCountry "MKD"]

1. e4 c5 2. Nf3 d6 3. d4 cxd4 4. Nxd4 Nf6 5. Nc3 a6 6. Be3 Ng4 7. Bc1 Nf6 8. f3 Qb6 9. Nb3 e6 10. Bd3 Nbd7 11. Qe2 Qc7 12. g4 h6 13. Be3 b5 14. a3 Ne5 15. O-O-O Be7 16. h4 Nfd7 17. f4 Nxd3+ 18. Qxd3 Bb7 19. Kb1 O-O-O 20. Bd4 f6 21. f5 Nc5 22. Qf3 e5 23. Bf2 Na4 24. Nd5 Bxd5 25. Rxd5 Kb8 26. Rhd1 Rc8 27. Qe2 Qc4 28. Qxc4 Rxc4 29. Nd2 Rc6 30. Be3 Bd8 31. Rd3 Bb6 32. Bxb6 Rxb6 33. Nb3 Kc7 34. c3 Rd8 35. g5 hxg5 36. hxg5 Rbb8 37. Rg3 Rd7 1-0

[Event "European Blitz-ch 2018"]
[Site "Skopje"]
[Date "2018.12.07"]
[Round "22"]
[White "Belyakov, Bogdan"]
[Black "Bartel, Mateusz"]
[Result "0-1"]
[WhiteElo "2459"]
[BlackElo "2600"]
[Annotator "TA"]
[PlyCount "113"]
[EventDate "2018.12.06"]
[EventType "swiss"]
[EventCountry "MKD"]

1. e4 g6 2. d4 Bg7 3. Nc3 a6 4. a4 d6 5. f4 Nf6 6. Nf3 O-O 7. Bd3 c5 8. d5 Bg4 9. h3 Bxf3 10. Qxf3 Nbd7 11. O-O Rc8 12. Bc4 Nb6 13. Qe2 Nh5 14. Kh2 Nxc4 15. Qxc4 f5 16. Bd2 Qd7 17. Rae1 fxe4 18. Nxe4 b5 19. axb5 axb5 20. Qe2 Qb7 21. Ng5 Qxd5 22. Ne6 Rf7 23. Nxg7 Nxg7 24. Bc3 b4 25. Bxg7 Rxg7 26. Ra1 Rf8 27. Ra7 Qf7 28. b3 Qf6 29. Qc4+ Kh8 30. Re1 Qxf4+ 31. Qxf4 Rxf4 32. Rexe7 Rxe7 33. Rxe7 Rf2 34. Rd7 Rxc2 35. Rxd6 Kg7 36. Rc6 h5 37. Kg3 Rc3+ 38. Kf4 Kh6 39. Rc7 h4 40. Rc8 Rxb3 41. Rxc5 Rg3 42. Rb5 b3 43. Rb8 Kg7 44. Ke5 Rxg2 45. Rxb3 Rg3 46. Rb7+ Kh6 47. Kf4 g5+ 48. Kf5 Rf3+ 49. Ke4 Rxh3 50. Rb8 Kh5 51. Rb1 Ra3 52. Kf5 Rf3+ 53. Ke4 Rf8 54. Rh1 g4 55. Ra1 h3 56. Ra7 Kh4 57. Kd4 0-1

[Event "European Blitz-ch 2018"]
[Site "Skopje"]
[Date "2018.12.07"]
[Round "22"]
[White "Kevlishvili, Robby"]
[Black "Georgiev, Kiril"]
[Result "1-0"]
[WhiteElo "2451"]
[BlackElo "2595"]
[Annotator "TA"]
[PlyCount "65"]
[EventDate "2018.12.06"]
[EventType "swiss"]
[EventCountry "MKD"]

1. e4 c6 2. d4 d5 3. e5 Bf5 4. h4 h6 5. g4 Be4 6. f3 Bh7 7. e6 Qd6 8. exf7+ Kxf7 9. f4 Nf6 10. Nf3 Nxg4 11. Rg1 h5 12. Bd3 Bxd3 13. Qxd3 Kg8 14. Ne5 Nd7 15. Nc3 Qf6 16. Nxd7 Qxh4+ 17. Qg3 Qxg3+ 18. Rxg3 e6 19. Ne5 Bd6 20. Bd2 Bxe5 21. dxe5 Rf8 22. O-O-O Kf7 23. Rdg1 g6 24. Nd1 Ke8 25. Ne3 Rxf4 26. Nxd5 Rf5 27. Nf6+ Kf7 28. Nxg4 hxg4 29. Rxg4 Rh2 30. Rxg6 Rh7 31. Bc3 c5 32. Rf6+ Rxf6 33. exf6 1-0

[Event "European Blitz-ch 2018"]
[Site "Skopje"]
[Date "2018.12.07"]
[Round "22"]
[White "Blohberger, Felix"]
[Black "Van Foreest, Lucas"]
[Result "0-1"]
[WhiteElo "2447"]
[BlackElo "2500"]
[Annotator "TA"]
[PlyCount "64"]
[EventDate "2018.12.06"]
[EventType "swiss"]
[EventCountry "MKD"]

1. d4 Nf6 2. Nf3 d5 3. Bf4 e6 4. e3 c5 5. Nbd2 Nc6 6. c3 Bd6 7. Bg3 O-O 8. Bd3 b6 9. Qe2 Bb7 10. Rd1 Re8 11. dxc5 Bxc5 12. e4 Nh5 13. Nb3 Bf8 14. e5 Na5 15. Nbd4 Rc8 16. Bh4 Be7 17. Bxe7 Qxe7 18. g3 f5 19. h4 g6 20. Nb5 d4 21. Nbxd4 Nc6 22. Nxc6 Bxc6 23. Bb5 Be4 24. Bxe8 Rxe8 25. O-O Qb7 26. Nd2 Bd5 27. Qb5 Rf8 28. Kh2 f4 29. g4 Qe7 30. Kh3 f3 31. gxh5 Rf4 32. Nxf3 Bxf3 0-1

[Event "European Blitz-ch 2018"]
[Site "Skopje"]
[Date "2018.12.07"]
[Round "22"]
[White "Stojanovski, Dejan"]
[Black "Ragger, Markus"]
[Result "1/2-1/2"]
[WhiteElo "2430"]
[BlackElo "2687"]
[Annotator "TA"]
[PlyCount "95"]
[EventDate "2018.12.06"]
[EventType "swiss"]
[EventCountry "MKD"]

1. d4 Nf6 2. Nf3 g6 3. Nbd2 c5 4. dxc5 Qa5 5. c3 Qxc5 6. e4 Bg7 7. Bd3 O-O 8. O-O d6 9. h3 Nbd7 10. Qe2 Qc7 11. Nb3 a5 12. a4 Nc5 13. Nxc5 dxc5 14. Bc4 Nd7 15. Be3 Nb6 16. Bb5 Be6 17. c4 h6 18. Rad1 Rfd8 19. b3 Nd7 20. Bc1 Nf8 21. Rxd8 Rxd8 22. Rd1 b6 23. Be3 Bc8 24. Rxd8 Qxd8 25. Qd2 Qxd2 26. Nxd2 Bb7 27. f3 Ne6 28. Kf2 Nd4 29. Bxd4 Bxd4+ 30. Ke2 Kg7 31. Nf1 f5 32. exf5 gxf5 33. Ne3 e6 34. g4 f4 35. Ng2 Be5 36. Ne1 Bd6 37. Nd3 Kf6 38. h4 e5 39. Nf2 Be7 40. Ne4+ Ke6 41. h5 Bh4 42. Be8 Ke7 43. Bg6 Ke6 44. Bf5+ Ke7 45. Bg6 Ke6 46. Bf5+ Ke7 47. Bg6 Ke6 48. Bf5+ 1/2-1/2